02770nam a2200385 u 450000100070000000500170000700700100002400800410003403500110007504000130008604100080009908000090010708200080011610000500012424500820017426000430025630000210029952012990032060000690161960000690168865000280175765000330178565000340181865000320185265000730188465000210195765000500197870000500202894200100207899900190208850200120210752600080211995201310212795201260225889781320260506153844.0co|||||||041102e20040202 spa  a897813 ccomduadb aspa aT/CD 4a15010aFlorez Cardona, Marta Lucia4auteaut953528113aEl deslinde entre naturaleza y cultura operado por Freud y renovado por Lacan aMedellín :b[sin publicador],c2004. a1 CD-ROM : 12 cm3 aEl Objetivo de este trabajo es desarrollar el tema "El Deslinde entre Naturaleza y Cultura Operado por Freud y Renovado por Lacan". El tema se desarrolla a través de las partes que lo componen: introducción, planteamiento del problema, justificación, objetivos, metodología, texto del trabajo, conclusiones, recomendaciones, bibliografía; exponiendo las diversas teorías de los autores que se abordan y el análisis de las mismas. Se empieza a tratar el tema con un texto de Michel Foucault, con el cual se describe los orígenes de las Ciencias Humanas, y la diferencia entre la Psicología y el Psicoanálisis en su abordaje del ser humano. Se hace relevancia en algunos de los textos de la obra de Sigmund Freud, donde realiza sus primeras concepciones acerca de lo inconsciente, el Complejo de Edipo, Ley, entre otros; luego se aborda principalmente un texto de Jacques Lacan de 1953 con el que inició su enseñanza y renueva los planteamientos freudianos, conservando el retorno a dicho fundador del Psicoanálisis. El escrito ofrece una perspectiva teórica en el que se hace relevancia de la función de la palabra en el campo del lenguaje como dimensión que marca el deslinde entre naturaleza y cultura, y su importancia para el abordaje de la subjetividad.14aFreud, Sigmund,d1856-1939xCrítica e interpretación985499314aLacan, Jacques,d1901-1981xCrítica e interpretación9859290 7aPsicología2dcs93096 7aPsicoanálisis2lemb950288 7aComplejo de Edipo2lemb91004 aNaturaleza y cultura949652 aFoucault, Michel, 1926-1984 - Pensamiento político y social941566 aNaturaleza99565 7aAntropología de la educación2lemb91011810aCorrea Uribe, Jorge Enrique4thseths9546120 cTESIS c326317d326317 b105c12 a106 001040708TESDIGBCaBCbBCd2004-11-02iC845561l0o150.19 F634 CD-ROMp0542257r2023-04-25 00:00:00t1w2023-04-25yDIGITAL 001040708DIGITALaCISHbCISHd2007-04-11iC945048l0oT/CD-05392p0617701r2023-04-25 00:00:00t2w2023-04-25yDIGITAL